[Event "4NCL Division 1a"]
[Site "Daventry, ENG"]
[Date "2019.01.13"]
[Round "4.14"]
[White "Houska, Jovanka"]
[Black "Edouard, Romain"]
[Result "1/2-1/2"]
[WhiteElo "2423"]
[BlackElo "2643"]
[PlyCount "149"]
[EventDate "2019.01.13"]
[WhiteTeam "Wood Green"]
[BlackTeam "Guildford 1"]

1. d4 Nf6 2. Nf3 g6 3. g3 Bg7 4. Bg2 O-O 5. O-O d6 6. b3 a5 7. Nc3 c6 8. e4 Bg4
9. h3 Bxf3 10. Bxf3 Nfd7 11. Bb2 b5 12. Ne2 a4 13. Qc1 c5 14. bxa4 bxa4 15. e5
Ra6 16. exd6 Rxd6 17. d5 Ne5 18. Bg2 Nbd7 19. Rb1 Nb6 20. Bxe5 Bxe5 21. Qe3 Bf6
22. Qxc5 Nxd5 23. c4 Nc7 24. Nf4 Rd2 25. Rb7 Ne6 26. Nxe6 fxe6 27. Qc6 Qd6 28.
c5 Qxc6 29. Bxc6 Bd4 30. Bxa4 Bxf2+ 31. Kh1 Bxc5 32. Rxf8+ Kxf8 33. Bb3 e5 34.
Rc7 Bd6 35. Rc3 Kg7 36. a4 Rb2 37. Bd5 Rb4 38. Bc6 Kf6 39. Kg2 e4 40. a5 Ke5
41. Rc2 Bb8 42. Rc5+ Kd6 43. Rb5 Ra4 44. Bxe4 Bc7 45. Rd5+ Ke6 46. Kf3 Bxa5 47.
h4 Bc7 48. g4 Ra1 49. h5 Rf1+ 50. Ke3 Bb6+ 51. Kd3 Rd1+ 52. Kc4 Re1 53. Bc2 Rc1
54. Rd2 Kf6 55. hxg6 hxg6 56. Re2 Bc7 57. Kd5 Kg5 58. Ke6 Bd6 59. Rf2 Re1+ 60.
Kf7 Bf4 61. Rg2 e5 62. Bxg6 e4 63. Bf5 e3 64. Bd3 Rd1 65. Bb5 Rd5 66. Bc4 Rd7+
67. Ke6 Rd6+ 68. Ke7 Rc6 69. Bb5 Rb6 70. Bc4 Kh4 71. Be6 Kh3 72. Bd5 Bg3 73.
Re2 Bf2 74. Be6 Bh4+ 75. g5+ 1/2-1/2

[Event "4NCL Division 1a"]
[Site "Daventry, ENG"]
[Date "2019.01.13"]
[Round "4.15"]
[White "Pert, Nicholas"]
[Black "Haria, Ravi"]
[Result "1/2-1/2"]
[WhiteElo "2558"]
[BlackElo "2450"]
[PlyCount "184"]
[EventDate "2019.01.13"]
[WhiteTeam "Guildford 1"]
[BlackTeam "Wood Green"]

1. d4 e6 2. c4 d5 3. Nc3 Bb4 4. cxd5 exd5 5. Bf4 c6 6. e3 Ne7 7. Nf3 Bd6 8. Bg3
O-O 9. Bd3 Bf5 10. Rb1 a5 11. a3 Re8 12. O-O Bxg3 13. hxg3 Qd6 14. b4 axb4 15.
axb4 b5 16. Bxf5 Nxf5 17. Qc2 Ne7 18. e4 dxe4 19. Nxe4 Qd5 20. Rfe1 Nd7 21. Nc5
Nf5 22. Nxd7 Qxd7 23. Qc5 f6 24. g4 Ne7 25. g5 Nd5 26. gxf6 gxf6 27. g3 Rxe1+
28. Nxe1 Ra3 29. Rc1 Qe6 30. Ng2 Ra4 31. Re1 Qd7 32. Ne3 Nxe3 33. Rxe3 Ra1+ 34.
Kh2 Qd5 35. Re8+ Kf7 36. Qxd5+ cxd5 37. Rb8 Rd1 38. Rxb5 Rxd4 39. Kg2 Ke6 40.
Kf3 Re4 41. Rb8 Kd6 42. Rd8+ Ke7 43. Rxd5 Rxb4 44. Rh5 Kf7 45. Rxh7+ Kg6 46.
Ra7 Rb2 47. Ra5 Rc2 48. g4 Rb2 49. Kg3 Rb1 50. Ra6 Rb4 51. f4 Kg7 52. Ra7+ Kg6
53. Ra6 Kg7 54. Ra7+ Kg6 55. f5+ Kh6 56. Ra8 Kg7 57. Kh4 Rb1 58. Ra7+ Kh6 59.
Ra8 Kg7 60. Ra6 Rc1 61. Kg3 Rb1 62. Rd6 Rb4 63. Kh4 Rb1 64. Re6 Ra1 65. Rb6 Rc1
66. Rd6 Ra1 67. Kg3 Ra4 68. Rd1 Kh6 69. Kh4 Ra2 70. Rd6 Kg7 71. Rd7+ Kh6 72.
Rf7 Ra6 73. Kg3 Ra3+ 74. Kh4 Ra6 75. Rf8 Kg7 76. Re8 Ra3 77. Re1 Kh6 78. Re8
Kg7 79. Re7+ Kh6 80. Rf7 Ra6 81. Kg3 Ra3+ 82. Kf4 Ra4+ 83. Kf3 Ra3+ 84. Ke4
Ra4+ 85. Kd5 Rxg4 86. Ke6 Ra4 87. Rxf6+ Kg7 88. Rf7+ Kg8 89. Rd7 Ra6+ 90. Ke5
Kf8 91. Kf4 Ra4+ 92. Kg5 Ra6 1/2-1/2

[Event "4NCL Division 1a"]
[Site "Daventry, ENG"]
[Date "2019.01.13"]
[Round "4.16"]
[White "Taylor, Adam C"]
[Black "Le Roux, Jean-Pierre"]
[Result "0-1"]
[WhiteElo "2356"]
[BlackElo "2533"]
[PlyCount "46"]
[EventDate "2019.01.13"]
[WhiteTeam "Wood Green"]
[BlackTeam "Guildford 1"]

1. Nf3 Nf6 2. g3 g6 3. c4 b6 4. Bg2 Bb7 5. O-O c5 6. Nc3 Bg7 7. d4 cxd4 8. Qxd4
d6 9. Qh4 h6 10. Rd1 Nbd7 11. Qh3 Rc8 12. Nd2 Bxg2 13. Qxg2 Ng4 14. Qe4 h5 15.
Nb3 Bxc3 16. bxc3 Ndf6 17. Qd4 h4 18. Bg5 hxg3 19. hxg3 Rh5 20. Bxf6 Nxf6 21.
Kg2 Qd7 22. Rh1 Qc6+ 23. f3 Qxc4 0-1

[Event "4NCL Division 1a"]
[Site "Daventry, ENG"]
[Date "2019.01.13"]
[Round "4.17"]
[White "Hebden, Mark L"]
[Black "McDonald, Neil"]
[Result "1/2-1/2"]
[WhiteElo "2435"]
[BlackElo "2411"]
[PlyCount "56"]
[EventDate "2019.01.13"]
[WhiteTeam "Guildford 1"]
[BlackTeam "Wood Green"]

1. d4 d5 2. Nf3 Nf6 3. c4 e6 4. Bg5 Be7 5. Nc3 O-O 6. e3 a6 7. Rc1 Nbd7 8. cxd5
exd5 9. Bd3 c6 10. Qc2 Re8 11. O-O Nf8 12. Na4 Ne4 13. Bxe7 Qxe7 14. Nb6 Rb8
15. Bxe4 dxe4 16. Nd2 Bg4 17. Qc5 Qf6 18. Ndc4 Rbd8 19. Ne5 Qh4 20. Qb4 Bf3 21.
Nbc4 Qg5 22. g3 Qf5 23. Qxb7 Rd7 24. Qxc6 Re6 25. Qa8 Rd8 26. Qb7 Rd7 27. Qa8
Rd8 28. Qb7 Rd7 1/2-1/2

[Event "4NCL Division 1a"]
[Site "Daventry, ENG"]
[Date "2019.01.13"]
[Round "4.18"]
[White "Harvey, Marcus R"]
[Black "Milliet, Sophie"]
[Result "1/2-1/2"]
[WhiteElo "2397"]
[BlackElo "2386"]
[PlyCount "94"]
[EventDate "2019.01.13"]
[WhiteTeam "Wood Green"]
[BlackTeam "Guildford 1"]

1. Nf3 c5 2. b3 d6 3. d4 cxd4 4. Nxd4 Nf6 5. Bb2 e5 6. Nf3 Be7 7. e3 Qa5+ 8.
Qd2 Qxd2+ 9. Nbxd2 O-O 10. c4 Bf5 11. Be2 Na6 12. O-O Nc5 13. Ba3 Rfc8 14. Rfd1
Bf8 15. Rac1 Bd3 16. Bxd3 Nxd3 17. Rc3 Nc5 18. Bxc5 Rxc5 19. b4 Rc7 20. Rb3 a6
21. a4 a5 22. bxa5 Rxa5 23. Ra1 Nd7 24. Rb5 b6 25. Rxa5 bxa5 26. Nb3 Nb6 27.
Nfd2 Ra7 28. Kf1 f5 29. Ke2 Kf7 30. f3 g6 31. h4 h5 32. g3 Bh6 33. Ra3 Bf8 34.
Ra2 Bg7 35. Kd3 Bh6 36. Ra3 Ra8 37. Ra1 Ra7 38. Ke2 Ra8 39. Rc1 Nxa4 40. Ra1
Nb6 41. Rxa5 Rxa5 42. Nxa5 Bf8 43. Nc6 Ke6 44. f4 e4 45. Nd4+ Kd7 46. N4b3 Be7
47. Kd1 Na4 1/2-1/2

[Event "4NCL Division 1a"]
[Site "Daventry, ENG"]
[Date "2019.01.13"]
[Round "4.21"]
[White "Turner, Matthew J"]
[Black "Wells, Peter K"]
[Result "0-1"]
[WhiteElo "2518"]
[BlackElo "2405"]
[PlyCount "78"]
[EventDate "2019.01.13"]
[WhiteTeam "Barbican 4NCL 1"]
[BlackTeam "White Rose 1"]

1. c4 Nf6 2. Nc3 e5 3. g3 Bb4 4. Qc2 O-O 5. Nf3 Re8 6. a3 Bxc3 7. Qxc3 d5 8. d3
d4 9. Qc2 e4 10. dxe4 Nxe4 11. Qd1 Nc6 12. Bg2 Be6 13. Qc2 Bf5 14. Qd1 Be6 15.
Qc2 Bf5 16. Qd1 d3 17. Be3 dxe2 18. Qxd8 Raxd8 19. Kxe2 Nd6 20. b3 Bg4 21. Rhd1
Nf5 22. Rxd8 Rxd8 23. Kf1 Nxe3+ 24. fxe3 Rd3 25. b4 Rxe3 26. Re1 Rxe1+ 27. Nxe1
Ne5 28. Bxb7 Nxc4 29. a4 a5 30. bxa5 Nxa5 31. Be4 Bd7 32. Bc2 Kf8 33. Ke2 Ke7
34. Ke3 Kd6 35. Nf3 h6 36. h4 Kc5 37. Ne5 Nc4+ 38. Nxc4 Kxc4 39. Ke4 Bc6+ 0-1

[Event "4NCL Division 1a"]
[Site "Daventry, ENG"]
[Date "2019.01.13"]
[Round "4.22"]
[White "Alsina Leal, Daniel"]
[Black "Merry, Alan B"]
[Result "0-1"]
[WhiteElo "2470"]
[BlackElo "2434"]
[PlyCount "60"]
[EventDate "2019.01.13"]
[WhiteTeam "White Rose 1"]
[BlackTeam "Barbican 4NCL 1"]

1. e4 e6 2. d4 d5 3. Nd2 c5 4. exd5 Qxd5 5. dxc5 Bxc5 6. Ngf3 Nf6 7. Bc4 Qc6 8.
Qe2 a6 9. a4 O-O 10. O-O b6 11. Nb3 Bd6 12. Bg5 Nbd7 13. Rfd1 Re8 14. a5 b5 15.
Bd3 Bb7 16. Nbd4 Qc7 17. Qd2 Rad8 18. Bxb5 axb5 19. Nxb5 Bxh2+ 20. Nxh2 Qc6 21.
Nf3 Qxb5 22. Bxf6 gxf6 23. Ra3 Ne5 24. Nd4 Qd5 25. Rg3+ Ng6 26. Nb3 Qe5 27. Nd4
Qe4 28. Qb4 Ba8 29. Rdd3 e5 30. f3 Rxd4 0-1

[Event "4NCL Division 1a"]
[Site "Daventry, ENG"]
[Date "2019.01.13"]
[Round "4.23"]
[White "Jackson, James P"]
[Black "Palliser, Richard J D"]
[Result "1/2-1/2"]
[WhiteElo "2377"]
[BlackElo "2418"]
[PlyCount "75"]
[EventDate "2019.01.13"]
[WhiteTeam "Barbican 4NCL 1"]
[BlackTeam "White Rose 1"]

1. e4 c5 2. Nf3 d6 3. d4 cxd4 4. Nxd4 Nf6 5. Nc3 a6 6. Be2 e5 7. Nf3 Be7 8. Bg5
Be6 9. Bxf6 Bxf6 10. O-O O-O 11. Qd2 Nc6 12. Nd5 Bg4 13. c3 Bxf3 14. Bxf3 Bg5
15. Qd3 g6 16. Bg4 Kg7 17. Rad1 Qa5 18. a3 Qc5 19. g3 h5 20. Bh3 Ne7 21. b4 Qa7
22. Nxe7 Bxe7 23. Rd2 a5 24. Qb5 axb4 25. axb4 Rfd8 26. Rfd1 Qa6 27. Qxa6 Rxa6
28. Rd5 Rc6 29. Rb5 Rb8 30. Rc1 Bg5 31. Rc2 Ra6 32. Bf1 Ra1 33. h4 Bd8 34. Kg2
b6 35. Rd5 Be7 36. Be2 Rba8 37. Rd1 R1a3 38. Bb5 1/2-1/2

[Event "4NCL Division 1a"]
[Site "Daventry, ENG"]
[Date "2019.01.13"]
[Round "4.25"]
[White "Franklin, Samuel G A"]
[Black "Camacho Collados, Jose"]
[Result "1-0"]
[WhiteElo "2329"]
[BlackElo "2405"]
[PlyCount "103"]
[EventDate "2019.01.13"]
[WhiteTeam "Barbican 4NCL 1"]
[BlackTeam "White Rose 1"]

1. e4 e5 2. Nf3 Nf6 3. Nc3 Bb4 4. Nxe5 O-O 5. Be2 Re8 6. Nd3 Bxc3 7. dxc3 Nxe4
8. Nf4 d6 9. O-O Nd7 10. c4 h6 11. f3 Nef6 12. Rf2 a5 13. a4 Nc5 14. b3 Bf5 15.
Bb2 Qe7 16. Bf1 Qe3 17. Qd2 Qxd2 18. Rxd2 Ne6 19. Ne2 Nd7 20. Kf2 Ndc5 21. Nc3
Bxc2 22. Rxc2 Nd4 23. Rd2 Ndxb3 24. Rad1 Nxd2 25. Rxd2 Red8 26. Ba3 Ne6 27. g3
g5 28. Bh3 Kg7 29. Nd5 c6 30. Bxe6 Ra7 31. Bb2+ Kf8 32. Bf5 cxd5 33. cxd5 Rb8
34. Bd4 b6 35. Rc2 Rab7 36. Bd3 Ke7 37. Re2+ Kf8 38. Bb5 Rc7 39. Bc6 Ra7 40.
Rb2 Ra6 41. Ke3 f5 42. Kd3 f4 43. gxf4 gxf4 44. Ke4 Kf7 45. Kxf4 Kg6 46. Rg2+
Kh5 47. Rg7 Kh4 48. Rh7 Rf8+ 49. Ke3 h5 50. f4 Kg4 51. Bd7+ Kh4 52. Kf3 1-0

[Event "4NCL Division 1a"]
[Site "Daventry, ENG"]
[Date "2019.01.13"]
[Round "4.32"]
[White "Eckersley-Waites, Tom"]
[Black "Sreeves, Clement"]
[Result "1/2-1/2"]
[WhiteElo "2302"]
[BlackElo "2360"]
[PlyCount "85"]
[EventDate "2019.01.13"]
[WhiteTeam "Oxford 1"]
[BlackTeam "Alba"]

1. e4 e5 2. Nf3 Nc6 3. d4 exd4 4. Nxd4 Nf6 5. Nxc6 bxc6 6. e5 Qe7 7. Qe2 Nd5 8.
c4 Ba6 9. Nd2 g6 10. Nf3 Bg7 11. Bg5 Qb4+ 12. Qd2 Qxd2+ 13. Bxd2 Nb6 14. b3 d6
15. O-O-O d5 16. h4 O-O-O 17. Ng5 Rde8 18. Nxf7 Rhf8 19. e6 dxc4 20. Re1 Kb8
21. h5 Bc8 22. hxg6 hxg6 23. Nd8 Rxf2 24. Nxc6+ Ka8 25. Rh7 c3 26. Bg5 Rxe6 27.
Rxe6 Rxf1+ 28. Kc2 Rf2+ 29. Kd1 Bxe6 30. Rxg7 Nd5 31. Rh7 Bg4+ 32. Ke1 Re2+ 33.
Kf1 c2 34. Nd4 Re5 35. Bd2 Re4 36. Nb5 Re2 37. Bh6 Re3 38. Rxc7 Nxc7 39. Nxc7+
Kb7 40. Bxe3 Kxc7 41. Ke1 Kc6 42. Kd2 a6 43. Kxc2 1/2-1/2

[Event "4NCL Division 1a"]
[Site "Telford, ENG"]
[Date "2019.02.09"]
[Round "5.11"]
[White "Sadler, Matthew D"]
[Black "Rees, Ioan"]
[Result "1/2-1/2"]
[WhiteElo "2691"]
[BlackElo "2292"]
[PlyCount "97"]
[EventDate "2019.02.09"]
[WhiteTeam "Guildford 1"]
[BlackTeam "West is Best 1"]

1. c4 Nf6 2. Nc3 c5 3. Nf3 b6 4. d4 cxd4 5. Nxd4 Bb7 6. f3 e6 7. e4 d6 8. Be2
Be7 9. O-O O-O 10. Be3 a6 11. a4 Qc7 12. Qd2 Nbd7 13. Rfc1 Rfd8 14. Qe1 Rac8
15. a5 bxa5 16. Nb3 Rb8 17. Nxa5 Ba8 18. Na4 Nc5 19. b4 Nxa4 20. Rxa4 Nd7 21.
Qc3 Bf6 22. Qd2 Ne5 23. Qa2 h6 24. Rc2 Qd7 25. Rd2 Qe8 26. Ba7 Rbc8 27. Bb6 Rd7
28. Bf2 d5 29. exd5 exd5 30. c5 d4 31. Bxa6 Rb8 32. Bf1 Bxf3 33. b5 Bd5 34. Qa3
Ng4 35. c6 Re7 36. Raxd4 Bxd4 37. Bxd4 Re1 38. Qg3 Rxb5 39. Qxg4 Rxf1+ 40. Kxf1
Rb1+ 41. Rd1 Rxd1+ 42. Qxd1 Bxc6 43. Qg4 f6 44. Nb3 h5 45. Qg3 Qe4 46. h4 Bd5
47. Kg1 Qb1+ 48. Kh2 Qxb3 49. Qxb3 1/2-1/2

[Event "4NCL Division 1a"]
[Site "Telford, ENG"]
[Date "2019.02.09"]
[Round "5.12"]
[White "Cooper, John G"]
[Black "Jones, Gawain C B"]
[Result "0-1"]
[WhiteElo "2267"]
[BlackElo "2689"]
[PlyCount "82"]
[EventDate "2019.02.09"]
[WhiteTeam "West is Best 1"]
[BlackTeam "Guildford 1"]

1. c4 g6 2. d4 Nf6 3. Nf3 Bg7 4. g3 O-O 5. Bg2 d6 6. Nc3 c5 7. d5 e6 8. O-O
exd5 9. cxd5 Re8 10. Bf4 Bf5 11. Qc1 Ne4 12. Nd2 Nxc3 13. bxc3 Rxe2 14. Nc4 Bd3
15. Nxd6 g5 16. Nxb7 Qb6 17. Bxg5 Qxb7 18. Re1 Nd7 19. d6 Be4 20. Rxe2 Bxg2 21.
Bh6 Bh3 22. f3 Qxf3 23. Qg5 Qxc3 24. Qxg7+ Qxg7 25. Bxg7 Kxg7 26. g4 Rg8 27.
Kf2 Bxg4 28. Rg1 Kf8 29. Re4 Be6 30. Rxg8+ Kxg8 31. Ra4 Kg7 32. Rxa7 Kf6 33.
Ke3 Ke5 34. Ra6 Nf6 35. a4 Ne8 36. a5 Nxd6 37. Ra8 Bd5 38. Ra7 c4 39. a6 Nf5+
40. Kd2 Kd6 41. Kc3 Ne7 0-1

[Event "4NCL Division 1a"]
[Site "Telford, ENG"]
[Date "2019.02.09"]
[Round "5.13"]
[White "McShane, Luke J"]
[Black "Toczek, Grzegorz"]
[Result "1-0"]
[WhiteElo "2663"]
[BlackElo "2243"]
[PlyCount "137"]
[EventDate "2019.02.09"]
[WhiteTeam "Guildford 1"]
[BlackTeam "West is Best 1"]

1. e4 c5 2. Nf3 d6 3. d4 cxd4 4. Nxd4 Nf6 5. Nc3 Nc6 6. Bg5 Bd7 7. Qd2 Rc8 8.
O-O-O Nxd4 9. Qxd4 Qa5 10. Bxf6 gxf6 11. f4 Bg7 12. Kb1 Qc5 13. f5 Bh6 14. Qxc5
Rxc5 15. Nd5 Rc8 16. Be2 Bc6 17. Rhf1 Rg8 18. g3 Bxd5 19. exd5 Be3 20. Rd3 Bb6
21. Rf4 Kf8 22. c3 Rc7 23. Kc2 Bg1 24. Rh4 Kg7 25. Rf3 Rgc8 26. Rff4 Be3 27.
Re4 Bg1 28. Bd3 Rb8 29. Rhg4+ Kh8 30. Re1 Bf2 31. Re2 Bg1 32. a4 a6 33. Re1 Bf2
34. Re2 Bg1 35. Rg2 Ba7 36. Kd2 Rg8 37. Re4 Kg7 38. Rge2 Re8 39. Rg4+ Kf8 40.
Rh4 Kg7 41. Bc4 Rb8 42. Ba2 Rbc8 43. Rg4+ Kf8 44. Rh4 Kg7 45. Kd3 Bg1 46. Bb3
Rb8 47. Kd2 Rbc8 48. Ke1 Rb8 49. Ree4 Rbc8 50. Ke2 Rb8 51. Kf3 Rg8 52. Re2 Ba7
53. Re1 Rb8 54. Rhe4 Kf8 55. Kg4 b5 56. a5 b4 57. c4 Kg7 58. Kh5 h6 59. R1e2
Bg1 60. h4 Rbb7 61. Ba4 b3 62. Rg4+ Kf8 63. Kxh6 e5 64. Kh7 Ke7 65. Rg8 Rd7 66.
Bxd7 Rxd7 67. Rb8 Rc7 68. Re4 Bd4 69. Rg4 1-0

[Event "4NCL Division 1a"]
[Site "Telford, ENG"]
[Date "2019.02.09"]
[Round "5.14"]
[White "Toma, Katarzyna"]
[Black "Edouard, Romain"]
[Result "0-1"]
[WhiteElo "2194"]
[BlackElo "2641"]
[PlyCount "80"]
[EventDate "2019.02.09"]
[WhiteTeam "West is Best 1"]
[BlackTeam "Guildford 1"]

1. e4 c5 2. Nc3 d6 3. g3 g6 4. Bg2 Bg7 5. d3 Nc6 6. Nh3 h5 7. Ng5 h4 8. g4 e5
9. h3 Nd4 10. Nd5 Bh6 11. c3 Ne6 12. Nxe6 fxe6 13. Bxh6 Nxh6 14. Ne3 O-O 15.
Qd2 Qf6 16. Rf1 g5 17. O-O-O Bd7 18. Kb1 Ba4 19. b3 Bb5 20. f3 a5 21. Rf2 a4
22. d4 axb3 23. axb3 exd4 24. cxd4 Ra6 25. Qb2 Rfa8 26. Nc2 c4 27. Bf1 d5 28.
f4 Qd8 29. fxg5 Nf7 30. exd5 exd5 31. bxc4 Bxc4 32. Bxc4 dxc4 33. Rf6 Rxf6 34.
gxf6 Qxf6 35. d5 Qf3 36. Qd4 Re8 37. d6 Re4 38. Qd5 Qb3+ 39. Kc1 Re2 40. Rd2
Re5 0-1

[Event "4NCL Division 1a"]
[Site "Telford, ENG"]
[Date "2019.02.09"]
[Round "5.25"]
[White "Stork, Oliver"]
[Black "Chow, Samuel"]
[Result "0-1"]
[WhiteElo "2217"]
[BlackElo "2334"]
[PlyCount "218"]
[EventDate "2019.02.09"]
[WhiteTeam "Oxford 1"]
[BlackTeam "White Rose 1"]

1. c4 Nf6 2. Nf3 b6 3. g3 Bb7 4. Bg2 g6 5. b3 Bg7 6. Bb2 O-O 7. O-O d6 8. d4 e6
9. Nc3 Ne4 10. Qc2 Nxc3 11. Bxc3 Nd7 12. Rfd1 Qe7 13. b4 f5 14. a4 Be4 15. Qd2
h6 16. d5 Bxf3 17. Bxf3 Bxc3 18. Qxc3 e5 19. a5 e4 20. Bg2 Qe5 21. Rdc1 Rfe8
22. h3 Kf7 23. e3 Kf6 24. Bf1 g5 25. Be2 Rh8 26. Ra3 Qxc3 27. Rcxc3 Ke5 28. Kg2
Nf6 29. Rc1 f4 30. f3 exf3+ 31. Bxf3 fxg3 32. Rf1 h5 33. Kxg3 g4 34. Bd1 h4+
35. Kh2 g3+ 36. Kg2 Raf8 37. axb6 axb6 38. Ra7 Ne4 39. Rxc7 Rxf1 40. Kxf1 Nf2
41. Bc2 Nxh3 42. Rf7 Rh5 43. Re7+ Kf6 44. Re6+ Kg7 45. Rxd6 Nf2 46. Rg6+ Kf7
47. c5 h3 48. Rxg3 h2 49. Bg6+ Kf6 50. Bxh5 h1=Q+ 51. Kxf2 Qh2+ 52. Rg2 Qxh5
53. cxb6 Qxd5 54. Rg4 Qd2+ 55. Kf3 Qd1+ 56. Kf4 Qd6+ 57. Kf3 Qc6+ 58. Kf2 Qxb6
59. Rd4 Ke5 60. Ke2 Qa6+ 61. Kd2 Qa2+ 62. Kd3 Qb1+ 63. Kd2 Qb2+ 64. Kd3 Qf2 65.
Rf4 Qe1 66. Re4+ Kd5 67. Rd4+ Kc6 68. Ke4 Kb5 69. Kf4 Qe2 70. Ke4 Qf1 71. Ke5
Qf3 72. Re4 Ka4 73. Kd5 Qf5+ 74. Re5 Qd7+ 75. Kc4 Qc6+ 76. Kd3 Kxb4 77. Ke2 Kc3
78. Rg5 Qa6+ 79. Kf3 Qf6+ 80. Kg4 Kd3 81. Rf5 Qe6 82. Kg5 Kxe3 83. Rf6 Qe5+ 84.
Kg6 Ke4 85. Kf7 Qg5 86. Rg6 Qf5+ 87. Kg7 Ke5 88. Kh6 Qe4 89. Kg5 Qf4+ 90. Kh5
Qh2+ 91. Kg5 Qh3 92. Rg7 Qg3+ 93. Kh6 Qh4+ 94. Kg6 Qf6+ 95. Kh7 Kf5 96. Kg8 Qh4
97. Rf7+ Ke6 98. Rh7 Qg5+ 99. Kf8 Qf5+ 100. Kg7 Qe5+ 101. Kf8 Kf6 102. Rf7+ Kg6
103. Rd7 Qc5+ 104. Ke8 Kf6 105. Rd6+ Ke5 106. Rg6 Kf5 107. Rg7 Kf6 108. Rf7+
Ke6 109. Rd7 Qc6 0-1

[Event "4NCL Division 1a"]
[Site "Telford, ENG"]
[Date "2019.02.09"]
[Round "5.26"]
[White "Weller, Jean-Luc"]
[Black "Tyomkyn, Mikhail"]
[Result "0-1"]
[WhiteElo "2258"]
[BlackElo "2124"]
[PlyCount "206"]
[EventDate "2019.02.09"]
[WhiteTeam "White Rose 1"]
[BlackTeam "Oxford 1"]

1. d4 Nf6 2. c4 g6 3. Nf3 Bg7 4. g3 O-O 5. Bg2 c6 6. O-O d5 7. Qb3 a5 8. Na3 a4
9. Qb4 dxc4 10. Nxc4 Na6 11. Qb6 Nc7 12. Nfe5 Ra6 13. Qb4 Qxd4 14. e4 c5 15.
Qe1 Ng4 16. Be3 Nxe3 17. fxe3 Qd8 18. Rd1 Qe8 19. Nd3 b5 20. Nxc5 bxc4 21. Nxa6
Bxa6 22. Qa5 Qc8 23. Rf2 Ne6 24. Rfd2 Bh6 25. Kf2 a3 26. Qxa3 Nc5 27. Rc2 f5
28. e5 Ne4+ 29. Kg1 Rd8 30. Re1 Qe6 31. Bxe4 fxe4 32. Qc5 Rd5 33. Qa7 Rxe5 34.
Rd2 Bb5 35. Rf2 Rf5 36. Rxf5 Qxf5 37. Rf1 Qd7 38. Qa8+ Qe8 39. Qxe4 e6 40. Rd1
Bf8 41. Qe5 Bc6 42. Qc7 Bd5 43. Rf1 Qe7 44. Qxe7 Bxe7 45. a4 Bb4 46. h4 Be4 47.
Kf2 Bc2 48. Ra1 Ba5 49. Rc1 Bb3 50. Kf3 Kf7 51. Ke4 Ke7 52. h5 gxh5 53. Kf4 Kf6
54. Ra1 e5+ 55. Kf3 Ke6 56. e4 Kd6 57. Rh1 Kc6 58. Ke3 Bxa4 59. Rxh5 Bb6+ 60.
Kd2 Bd4 61. Kc1 Kc5 62. Rxh7 Bc6 63. Rh3 Bxe4 64. g4 Kd5 65. g5 Ke6 66. Rg3 Kf7
67. b3 cxb3 68. Rxb3 Kg6 69. Rg3 Bf2 70. Rb3 Kxg5 71. Kd2 Kf4 72. Ke2 Bd4 73.
Rb8 Bf3+ 74. Kd3 Be4+ 75. Ke2 Bf5 76. Rb4 Ke4 77. Ra4 Bg4+ 78. Kd2 Bf3 79. Ra3
Kf4 80. Ra4 Bc6 81. Ra6 Be3+ 82. Ke1 Bb5 83. Ra5 Bd3 84. Ra8 e4 85. Rf8+ Kg3
86. Rg8+ Kf3 87. Ra8 Bd4 88. Ra3 Bf2+ 89. Kd2 Be3+ 90. Ke1 Bf4 91. Rb3 Ke3 92.
Ra3 Bg3+ 93. Kd1 Bh4 94. Rb3 Bd8 95. Ra3 Be7 96. Rb3 Kd4 97. Rb7 Bc5 98. Rh7 e3
99. Rh4+ Kc3 100. Ke1 Bc4 101. Rh8 Bb4 102. Rh2 Kd3+ 103. Kf1 Bd2 0-1

[Event "4NCL Division 1a"]
[Site "Telford, ENG"]
[Date "2019.02.09"]
[Round "5.27"]
[White "Hansen, Hans-Peter"]
[Black "Wall, Tim P"]
[Result "1-0"]
[WhiteElo "2164"]
[BlackElo "2242"]
[PlyCount "137"]
[EventDate "2019.02.09"]
[WhiteTeam "Oxford 1"]
[BlackTeam "White Rose 1"]

1. c4 e5 2. Nc3 Nf6 3. Nf3 Nc6 4. e3 g6 5. d4 exd4 6. exd4 Bg7 7. d5 Qe7+ 8.
Be2 Ne5 9. O-O d6 10. Nd4 O-O 11. h3 Ned7 12. Bg5 a5 13. Re1 h6 14. Bf1 Qd8 15.
Be3 Nc5 16. f3 Re8 17. Qd2 Kh7 18. Bf2 Bd7 19. Ndb5 a4 20. Rxe8 Bxe8 21. Re1
Bd7 22. g4 Bxb5 23. Nxb5 Qd7 24. Qd1 Re8 25. b4 axb3 26. axb3 Rxe1 27. Bxe1 c6
28. Nc3 Qe7 29. dxc6 bxc6 30. b4 Ne6 31. Bg3 Qa7+ 32. Kh2 Qa3 33. Qd3 Qxb4 34.
Bxd6 Qb2+ 35. Ne2 Nd7 36. f4 Nd4 37. Kg3 c5 38. Nxd4 Bxd4 39. Be2 Qb6 40. Be7
Qe6 41. Bd8 Qe8 42. Ba5 Nf6 43. Bf3 Qa4 44. Bd8 Qa1 45. Qd1 Ne4+ 46. Kg2 Qb2+
47. Qe2 Nd2 48. Bd5 Qc1 49. h4 Qg1+ 50. Kh3 Nf1 51. Qg2 Qe3+ 52. Qf3 Qg1 53.
Qg2 Qe3+ 54. Qf3 Kg7 55. Qxe3 Nxe3 56. Kg3 Nxd5 57. cxd5 c4 58. Kf3 Kf8 59. Ke4
Bg7 60. Bc7 Ke7 61. Be5 f6 62. Bb8 c3 63. Kd3 f5 64. gxf5 gxf5 65. Be5 Bf8 66.
h5 Kd7 67. Kxc3 Ke7 68. Kc4 Kd7 69. Kb5 1-0

[Event "4NCL Division 1a"]
[Site "Telford, ENG"]
[Date "2019.02.09"]
[Round "5.31"]
[White "Speelman, Jon S"]
[Black "Mueller, Constantin"]
[Result "1-0"]
[WhiteElo "2504"]
[BlackElo "2265"]
[PlyCount "69"]
[EventDate "2019.02.09"]
[WhiteTeam "Wood Green"]
[BlackTeam "North East England"]

1. d4 Nf6 2. Nf3 e6 3. g3 b5 4. Bg2 Bb7 5. Bg5 Be7 6. Nbd2 O-O 7. O-O d6 8. c3
c5 9. dxc5 dxc5 10. Qc2 Nbd7 11. a4 a6 12. Bxf6 Nxf6 13. Ne5 Bxg2 14. Kxg2 Qc7
15. Nef3 Nd5 16. e4 Nb6 17. b3 c4 18. a5 Nd7 19. bxc4 bxc4 20. Ra4 Nc5 21. Rxc4
Qxa5 22. Nd4 Rfc8 23. Rb1 h5 24. h4 Qd8 25. N2b3 Nxb3 26. Qxb3 Bf6 27. Nc6 Qd7
28. Qa4 Rc7 29. Rd1 Qe8 30. Rd6 Be7 31. Nxe7+ Qxe7 32. Rxa6 Rxa6 33. Qxa6 Ra7
34. Rc8+ Kh7 35. Qb5 1-0

[Event "4NCL Division 1a"]
[Site "Telford, ENG"]
[Date "2019.02.09"]
[Round "5.48"]
[White "Bhatia, Kanwal K"]
[Black "Roy, Ali"]
[Result "1/2-1/2"]
[WhiteElo "2053"]
[BlackElo "1889"]
[PlyCount "133"]
[EventDate "2019.02.09"]
[WhiteTeam "Barbican 4NCL 1"]
[BlackTeam "Alba"]

1. e4 e6 2. d4 d5 3. Nd2 c5 4. Ngf3 cxd4 5. exd5 Qxd5 6. Bc4 Qd6 7. O-O Nf6 8.
Nb3 Nc6 9. Qe2 a6 10. a4 Be7 11. Rd1 O-O 12. Nbxd4 Nxd4 13. Nxd4 Rd8 14. Be3
Qc7 15. a5 Nd5 16. Bxd5 exd5 17. Bf4 Bd6 18. Bxd6 Qxd6 19. Re1 Bd7 20. Qe7 Qxe7
21. Rxe7 Kf8 22. Re5 Bc6 23. Kf1 Re8 24. Rae1 Rxe5 25. Rxe5 Re8 26. Rxe8+ Bxe8
27. Ke2 Ke7 28. Ke3 g6 29. Ne2 Kd6 30. Kd4 f6 31. Nf4 Bf7 32. h4 g5 33. hxg5
fxg5 34. Nd3 Bg6 35. Nb4 Be4 36. f3 Bg6 37. c3 Bf7 38. Nd3 Be6 39. Nc5 Bc8 40.
g4 Kc6 41. Nd3 Kd6 42. b3 Bd7 43. Nf2 Bb5 44. c4 Bc6 45. cxd5 Bxd5 46. Ne4+ Kc6
47. b4 h6 48. Ke5 Bc4 49. Nc3 Bf1 50. Ke4 Kd6 51. Kf5 Bg2 52. Ne4+ Kd5 53. Nf6+
Kd4 54. Ng8 Bxf3 55. Nxh6 Kc4 56. Kxg5 Kxb4 57. Kf6 Bxg4 58. Nxg4 Kxa5 59. Ke5
Kb4 60. Ne3 a5 61. Kd5 b5 62. Kd4 a4 63. Nd5+ Kb3 64. Kc5 a3 65. Nb4 a2 66.
Nxa2 Kxa2 67. Kxb5 1/2-1/2

[Event "4NCL Division 1a"]
[Site "Telford, ENG"]
[Date "2019.02.10"]
[Round "6.12"]
[White "Jones, Gawain C B"]
[Black "Wells, Peter K"]
[Result "0-1"]
[WhiteElo "2689"]
[BlackElo "2415"]
[PlyCount "135"]
[EventDate "2019.02.10"]
[WhiteTeam "Guildford 1"]
[BlackTeam "White Rose 1"]

1. e4 c6 2. d4 d5 3. Nc3 dxe4 4. Nxe4 Nd7 5. Ng5 Ngf6 6. Bd3 e6 7. N1f3 Bd6 8.
Qe2 h6 9. Ne4 Nxe4 10. Qxe4 Qc7 11. O-O b6 12. Qg4 Kf8 13. Re1 Bb7 14. b3 Nf6
15. Qh3 Rd8 16. Bb2 Nd5 17. g3 c5 18. dxc5 Bxc5 19. Qh5 Bb4 20. Re4 Nf6 21.
Bxf6 gxf6 22. Rc4 Qe7 23. a3 Bd6 24. Be4 f5 25. Bxb7 Qxb7 26. Rd1 Kg7 27. Rcd4
Qc7 28. g4 Bc5 29. Rxd8 Rxd8 30. Rxd8 Qxd8 31. b4 Qd1+ 32. Kg2 Be7 33. gxf5
Qxc2 34. Qg4+ Kf8 35. fxe6 Qc6 36. exf7 Kxf7 37. Qf4+ Kg7 38. Qg3+ Kf7 39. a4
Qe4 40. b5 h5 41. h3 Ke6 42. Qg7 Bc5 43. Qh6+ Ke7 44. Qg5+ Kf8 45. Qxh5 Qxa4
46. Qf5+ Ke7 47. Qe5+ Kd8 48. Qd5+ Ke7 49. Qb7+ Kf6 50. Qc6+ Ke7 51. Ng5 Qa2
52. Ne4 Qg8+ 53. Kh1 Qc4 54. h4 Qc1+ 55. Kg2 Qf4 56. Qb7+ Kf8 57. Qc8+ Kg7 58.
Qd7+ Kf8 59. Qd8+ Kf7 60. Ng5+ Kg6 61. Qe8+ Kf6 62. Qf7+ Ke5 63. Nf3+ Ke4 64.
Qe6+ Kd3 65. h5 Bf8 66. Qb3+ Ke4 67. Qc4+ Kf5 68. Nh4+ 0-1